000
00310 a2200121 4500
000
nam a22 7a 4500
005
20260423150535.0
020
_a
9783476059475
100
_a
Markus Tiedemann
_9
1235547
245
_a
Philosophical Education Beyond the Classroom
260
_b
Springer
_c
2024
942
_c
TEXL
999
_c
1848436
_d
1848436